Thanh Niên

Ngưng đặt mua từ 1/2019

Đã lưu trong:
Sonraí Bibleagrafaíochta
Príomhúdar: Hội Liên hiệp Thanh niên Việt Nam
Formáid: Leabhar
Teanga:Undetermined
Foilsithe: Tp. Hồ Chí Minh
Ábhair:
Rochtain Ar Líne:http://lrc.tdmu.edu.vn/opac/search/detail.asp?aID=2&ID=6806
Clibeanna: Cuir Clib Leis
Gan Chlibeanna, Bí ar an gcéad duine leis an taifead seo a chlibeáil!
Thư viện lưu trữ: Trung tâm Học liệu Trường Đại học Thủ Dầu Một
LEADER 00596nam a2200169Ia 4500
001 TDMU_6806
008 210410s9999 xx 000 0 und d
082 |a NULL 
100 |a Hội Liên hiệp Thanh niên Việt Nam 
245 0 |a Thanh Niên 
245 0 |c Hội Liên hiệp Thanh niên Việt Nam 
260 |a Tp. Hồ Chí Minh 
300 |a 20tr 
520 |a Ngưng đặt mua từ 1/2019 
650 |a Báo Thanh niên  
856 |u http://lrc.tdmu.edu.vn/opac/search/detail.asp?aID=2&ID=6806 
980 |a Trung tâm Học liệu Trường Đại học Thủ Dầu Một